000 00381nam a2200145Ia 4500
005 20241104013643.0
008 240331s9999 xx 000 0 und d
082 _bFER
100 _aFernando,V
245 0 _aWomen writing 2
260 _aColombo
_bVoice of Women
_c2002
300 _a241 p .,
500 _aWomen Writing - 2 translated into English by Vijita Fernando
942 _cL
999 _c4757
_d4757